Phép tính vi phân và tích phân của hàm nhiều biến số Giáo trình cao đẵng sư phạm

সংরক্ষণ করুন:
গ্রন্থ-পঞ্জীর বিবরন
প্রধান লেখক: Nguyễn Mạnh Quý
বিন্যাস: গ্রন্থ
প্রকাশিত: Hà Nội ĐH Sư phạm 2004
বিষয়গুলি:
ট্যাগগুলো: ট্যাগ যুক্ত করুন
কোনো ট্যাগ নেই, প্রথমজন হিসাবে ট্যাগ করুন!
Thư viện lưu trữ: Trung tâm Học liệu Lê Vũ Hùng, Trường Đại học Đồng Tháp
LEADER 00896pam a22002418a 4500
001 00042362
005 20180919110948.0
008 110517s2005 ||||||Viesd
041 0 # |a Vie 
082 1 4 |a 515  |b PH206T 
100 0 # |a Nguyễn Mạnh Quý 
245 0 0 |a Phép tính vi phân và tích phân của hàm nhiều biến số  |b Giáo trình cao đẵng sư phạm  |c Nguyễn Mạnh Quý,Nguyễn Xuân Liêm 
260 # # |a Hà Nội  |b ĐH Sư phạm  |c 2004 
300 # # |a 444 tr.  |c 24 cm. 
500 # # |a Sách nhà nước đạt hàng 
650 # 4 |a Phép tính tích phân 
650 # 4 |a Phép tính vi phân 
653 # # |a Giáo trình 
653 # # |a Giải tích 
653 # # |a Hàm nhiều biến 
852 # # |j KGT.0055149 
910 0 # |a nhnam  |d 19/09/2018 
980 # # |a Trung tâm Học liệu Lê Vũ Hùng, Trường Đại học Đồng Tháp